Čo by voda odniesť nemala Technické pamiatky: naša podlžnosť a povinnosť

Bibliographic Details
Main Author: Gáfriková, Oľga, 1958- (Author)
Format: Article
Language:Slovak
PhysicalDescription:Obr. 8.
Subjects:

MARC

LEADER 00000nab a2200000 a 4500
001 vtls000178197
003 SK-MaSNL
005 20260303230049.0
008 111104c1984 xo 0 slo
015 |a SNBRB19rr/mm-uuuuu 
035 |a CL0188310 
040 |a SNKBUCL  |b slo  |c SNKBUCL  |e AACR2 
041 0 |a slo 
044 |a xo  |c SK 
080 |a 904:62  |2 1981 
080 |a 62  |2 1981 
080 |a 627.81  |2 1981 
100 1 |a Gáfriková, Oľga,  |d 1958-  |4 aut  |9 89326 
245 1 0 |a Čo by voda odniesť nemala  |b Technické pamiatky: naša podlžnosť a povinnosť  |c Oľga Gáfriková 
300 |b Obr. 8. 
650 0 7 |a technické pamiatky  |2 snkbucl  |9 21763 
650 0 7 |a vodné nádrže  |2 snkbucl  |9 4190 
655 7 |a články z novín a časopisov  |2 snkbucl  |9 267496 
773 0 |t Nové slovo  |g Roč. 26, č. 11 (1984), s. 8 
850 |a Slovenská národná knižnica v Martine  |a MTA001 
852 |a SNK  |b KIS3GCP 
958 |a RK 
992 |a RBX 
999 |c 2259921  |d 2261851